Enciclopedia de las ciencias filosóficas : lógica /

La Enciclopedia de las ciencias filosóficas es una obra escrita por el filósofo alemán Friedrich Hegel (1770-1831), con la finalidad de utilizarlo como manual en sus cursos de filosofía, la primera edición apareció en 1817, la segunda en 1827 y nuevamente revisada en 1830. En ella expone de manera s...

Descrizione completa

Salvato in:
Dettagli Bibliografici
Autore principale: Hegel, Friedrich (autor)
Altri autori: Ovejero y Maury, Eduardo (traducción) (traducción)
Natura: Libro
Lingua:spagnolo
Pubblicazione: Madrid, España : Librería General de Victoriano Suárez, 1917
Serie:(Coleccion de Filósofos Españoles y Extranjeros)
Soggetti:
Tags: Aggiungi Tag
Nessun Tag, puoi essere il primo ad aggiungerne!!

MARC

LEADER 00000nam^a2200000^a^4500
001 000436324
005 20250526000000.0
009 20260526144904.665
037 |a Acervo ITESO - Biblioteca 
041 |a ESP 
082 |a 141.  |b HEG OBR ENC V. 1 
100 |a Hegel, Friedrich  |e (autor) 
240 1 1 |a [Enciclopedia de las ciencias filosóficas] 
240 1 1 |a [Lógica de Hegel] 
245 1 0 |a Enciclopedia de las ciencias filosóficas :  |b lógica /  |c F. Hegel ; tr. por E. Ovejero y Maury. 
264 1 |a Madrid, España :  |b Librería General de Victoriano Suárez,  |c 1917 
300 |a 349 p. ;  |c 18.0 cm. 
336 |a texto  |b txt  |2 rdacontenido 
337 |a sin mediación  |b n  |2 rdamedio 
338 |a volumen  |b nc  |2 rdasoporte 
440 1 |a (Coleccion de Filósofos Españoles y Extranjeros) 
520 |a La Enciclopedia de las ciencias filosóficas es una obra escrita por el filósofo alemán Friedrich Hegel (1770-1831), con la finalidad de utilizarlo como manual en sus cursos de filosofía, la primera edición apareció en 1817, la segunda en 1827 y nuevamente revisada en 1830. En ella expone de manera sistemática el corpus doctrinal de su sistema filosófico que comprende originalmente tres apartados: Lógica, Filosofía de la naturaleza y Filosofía del espíritu. La presente obra desarrolla el apartado de la lógica. 
545 0 |a Georg Wilhelm Friedrich Hegel (1770-1831), filósofo alemán, formado en teología y filosofía, catedrático en las universidades de Jena, Heidelberg y Berlín, es considerado como el principal representante del idealismo alemán y creador de un sistema filosófico que abarca a manera de síntesis lo esencial de diversos campos del saber. Concibe a la filosofía como la ciencia del todo, del límite entre lo finito y lo infinito; a la verdad como totalidad cualitativa y cuantitativa; y a la realidad como unidad que se da entre lo real y lo racional. Entre sus obras se encuentran Fenomenología del espíritu, Ciencia de la lógica, Enciclopedia de las ciencias filosóficas, Lecciones de estética, Filosofía del derecho, Lecciones sobre la filosofía de la historia universal, Lecciones sobre filosofía de la religión, y otras. 
649 |a XX 
650 |a Formación de Conceptos 
650 |a Razonamiento Lógico 
650 |a Existencia 
650 |a Ontología 
650 |a Lógica -  |x Tema Principal 
650 |a Idealismo -  |x Tema Principal 
650 |a Filosofía del Siglo XIX 
650 |a Filosofía Alemana 
700 |a Ovejero y Maury, Eduardo  |e (traducción) 
910 |a Fondo Alfonso de Alba Martín 
920 |a Impresos - Libros 
930 |a Libros Antiguos y Raros 
905 |a 125 
901 |a 0500363401  |b IT2  |c LRA  |i D100574  |u 20250526 
902 |a https://opac.biblio.iteso.mx/vufind/Record/000436324